Sportifs en E - Statistiques

Statistiques générales
  • Ce quiz a été pris 64 fois
  • Le résultat moyen est 3 sur 10
Statistiques - réponses
Sport Pays Sexe Réponse % Correct
Football Brésil Homme Ederson/Endrick/Everton Ribeiro/ Emerson
81%
Football Danemark Homme Eriksen
72%
Basket (Timberwolves) USA Homme Edwards
44%
Basket (76ers) USA Homme Embiid
44%
Football Maroc Homme En Nesyri/El Khanouss/El Kaabi/El Azzouzi/Ezzalzouli/El Yamiq
26%
Tennis Royuame-Uni Homme Evans
17%
Tennis USA Homme Eubanks
15%
MMA (mi-Moyens) Angleterre Homme Edwards
13%
Rugby Afrique du Sud Homme Esterhuizen/Etzebeth
13%
Rally (WRC) Pays de Galles Homme Evans
11%
Aucun quiz correspondant
Distribution des résultats
% des personnes avec chaque résultat
Percentile par nombre de réponses
Votre historique - résultats
Vous n’avez pas pris ce quiz